[Event "French tournament for achieving Senior Title norm"]
[Site "SchemingMind.com"]
[Date "2006.07.03"]
[Round "-"]
[White "pietronagual"]
[Black "Erhaem"]
[Result "0-1"]
[WhiteCountry "ESP"]
[BlackCountry "NED"]
[WhiteElo "2135"]
[WhiteRD "88"]
[BlackElo "2111"]
[BlackRD "65"]
[GameID "57911"]

1. e4 e6 2. Be2 Nf6 3. e5 Nd5 4. d4 Bb4+ 5. c3 Be7 6. Nf3 d6 7. O-O O-O 8. c4 Nb6 9. exd6 cxd6 10. Nc3 Bd7
11. Bf4 Nc6 12. Re1 Rc8 13. b3 a6 14. Qd2 d5 15. c5 Na8 16. Bd3 Bf6 17. Bd6 Re8 18. a3 Bxd4 19. Nxd4 Nxd4 20. Bxh7+ Kxh7
21. Qxd4 Qf6 22. Be5 Qg5 23. Re3 f6 24. Bd6 Kg8 25. Rg3 Qh6 26. Nxd5 exd5 27. Qxd5+ Kh7 28. Qxb7 Qd2= 29. Qxa6 Re2 30. Qd3+ Qxd3
31. Rxd3 Rce8 32. h3 Rb2 33. b4 Ba4 34. Bg3 Kg6= 35. Rc1 Rc8 36. Rd6 Nc7
0-1

[Event "French tournament for achieving Senior Title norm"]
[Site "SchemingMind.com"]
[Date "2006.07.03"]
[Round "-"]
[White "Edward Kotlyanskiy"]
[Black "Erhaem"]
[Result "1-0"]
[WhiteCountry "USA"]
[BlackCountry "NED"]
[WhiteElo "2291"]
[WhiteRD "94"]
[BlackElo "2013"]
[BlackRD "61"]
[GameID "57912"]

1. e4 e6 2. d4 d5 3. Nc3 Bb4 4. e5 c5 5. a3 Bxc3+ 6. bxc3 Ne7 7. Qg4 Qc7 8. Qxg7 Rg8 9. Qxh7 cxd4 10. Ne2 Nbc6
11. f4 Bd7 12. Qd3 dxc3 13. Qxc3 Nf5 14. Rb1 d4 15. Qd3 O-O-O 16. Rg1 f6 17. g4 Nh4 18. exf6 e5 19. f7 Rxg4 20. Rxg4 Bxg4
21. Bh3 Qd7 22. Bxg4 Qxg4 23. Qg3 Qh5 24. Rb3 e4 25. Qg8 Ng6 26. Rg3 Nf8 27. Qg4+ Qxg4 28. Rxg4 d3 29. cxd3 exd3 30. Ng3 Nd4
31. Kd1 Nc6 32. Bb2 Rd7 33. Nf5 Kc7 34. Nh6 Rd8 35. Rg8 Nb8 36. Bg7 Nbd7 37. Ng4 Kd6 38. Ne5 Ke6 39. Nxd7 Rxd7 40. Rxf8 b6
41. h4 Rd5 42. Be5 Ke7 43. Rb8
1-0

[Event "French tournament for achieving Senior Title norm"]
[Site "SchemingMind.com"]
[Date "2006.07.03"]
[Round "-"]
[White "grobler"]
[Black "Erhaem"]
[Result "0-1"]
[WhiteCountry "GBR"]
[BlackCountry "NED"]
[WhiteElo "1954"]
[WhiteRD "77"]
[BlackElo "2072"]
[BlackRD "63"]
[GameID "57913"]

1. e4 e6 2. d4 d5 3. e5 c5 4. c3 Nc6 5. Nf3 Qb6 6. Bd3 cxd4 7. cxd4 Bd7 8. O-O Nxd4 9. Nxd4 Qxd4 10. Nc3 a6
11. Qe2 Ne7 12. Rd1 Nc6 13. Bxa6 Qxe5 14. Bxb7 Qxe2 15. Nxe2 Rb8 16. Bxc6 Bxc6 17. Nd4 Bd7
0-1

[Event "French tournament for achieving Senior Title norm"]
[Site "SchemingMind.com"]
[Date "2006.07.03"]
[Round "-"]
[White "PackoJones1000"]
[Black "Erhaem"]
[Result "1-0"]
[WhiteCountry "ESP"]
[BlackCountry "NED"]
[WhiteElo "2158"]
[WhiteRD "66"]
[BlackElo "2013"]
[BlackRD "61"]
[GameID "57914"]

1. e4 e6 2. d4 d5 3. Nd2 Nf6 4. e5 Nfd7 5. f4 c5 6. c3 Nc6 7. Ndf3 Qb6 8. h4 cxd4 9. cxd4 Bb4+ 10. Kf2 f6
11. Be3 O-O 12. Ne2 Be7 13. Qc1 Na5 14. Ng3 fxe5 15. fxe5 Nc6 16. Ne2 Qd8 17. Kg1 Nb6 18. Nf4 Bd7 19. Qb1 Rf7 20. Ng5 Bxg5
21. hxg5 g6 22. Nxg6 Nc4 23. Bxc4 dxc4 24. Qe4 Nb4 25. Nh4 Rf8 26. Qg4 Nc2 27. g6 h6 28. Bxh6 Nxa1 29. Bg5
1-0

[Event "French tournament for achieving Senior Title norm"]
[Site "SchemingMind.com"]
[Date "2006.07.05"]
[Round "-"]
[White "griffimv"]
[Black "inexorable"]
[Result "1/2-1/2"]
[WhiteCountry "INT"]
[BlackCountry "USA"]
[WhiteElo "2232"]
[WhiteRD "78"]
[BlackElo "2175"]
[BlackRD "85"]
[GameID "58235"]

1. e4 e6 2. d4 d5 3. Nd2 c5 4. Ngf3 cxd4 5. Nxd4 Nc6 6. Bb5 Bd7 7. Nxc6 Bxc6 8. Bxc6+ bxc6 9. c4 Bc5 10. Qa4 Ne7
11. Nb3 Bb6 12. exd5 exd5 13. O-O O-O 14. c5 Bc7 15. f4 Nf5 16. Qxc6 a5 17. g4 a4 18. gxf5 axb3 19. a4 Re8 20. Bd2 Re2
21. Rf2 Rxf2=
1/2-1/2

[Event "French tournament for achieving Senior Title norm"]
[Site "SchemingMind.com"]
[Date "2006.07.05"]
[Round "-"]
[White "griffimv"]
[Black "Erhaem"]
[Result "1-0"]
[WhiteCountry "INT"]
[BlackCountry "NED"]
[WhiteElo "2299"]
[WhiteRD "74"]
[BlackElo "2111"]
[BlackRD "65"]
[GameID "58236"]

1. e4 e6 2. d4 d5 3. Nd2 Nf6 4. e5 Nfd7 5. c3 c5 6. f4 Nc6 7. Ndf3 Qb6 8. g3 cxd4 9. cxd4 Bb4+ 10. Kf2 g5
11. fxg5 Ndxe5 12. Nxe5 Nxe5 13. Kg2 Nc6 14. Nf3 Bf8 15. b3 Bg7 16. Bb2 Bd7 17. Be2 h6 18. Qd2 O-O-O 19. h4 hxg5 20. hxg5 Rhg8
21. Qf4 Be8 22. Rac1 Bf8 23. Ne5 Bd6 24. Qd2 Bxe5 25. dxe5 Kb8 26. Ba3 Qc7 27. Bd6 Rxd6 28. exd6 Qxd6 29. Qf4 e5 30. Qf6 Qb4
31. Rh8 Rxh8 32. Qxh8 Qe7 33. Qf6 Qxf6 34. gxf6 Kc7= 35. Kf2 Bd7= 36. Rh1 Bf5= 37. g4 Bg6= 38. g5 Kd6= 39. Bh5 Bxh5 40. Rxh5 Ke6=
41. Rh8 e4 42. Re8+ Kf5= 43. Re7 Kxg5= 44. Rxf7 d4= 45. Ke2 Kg6= 46. Rxb7 Kxf6 47. Rc7 Nb4 48. Rxa7 Nd5 49. Ra8 Nf4+ 50. Kd1 Ke7
51. Rg8 Nd5 52. a4 Kd6 53. a5 Kc6 54. Rg6+ Kb7 55. Rd6
1-0

[Event "French tournament for achieving Senior Title norm"]
[Site "SchemingMind.com"]
[Date "2006.07.05"]
[Round "-"]
[White "griffimv"]
[Black "Nenad"]
[Result "1-0"]
[WhiteCountry "INT"]
[BlackCountry "SLO"]
[WhiteElo "2313"]
[WhiteRD "77"]
[BlackElo "2227"]
[BlackRD "72"]
[GameID "58237"]

1. e4 e6 2. d4 d5 3. Nd2 c5 4. Ngf3 Nf6 5. exd5 Nxd5 6. Nb3 cxd4 7. Nbxd4 Be7 8. g3 O-O 9. Bg2 Bf6 10. O-O Nc6
11. Nxc6 bxc6 12. c4 Nb6 13. Qc2 Ba6 14. Rd1 Qe7 15. Bf4 Nxc4 16. Bf1 Qb4 17. Rac1 Nxb2 18. Bxa6 Nxd1 19. Rxd1 Rad8 20. Bd3 h6
21. Ne5 Bxe5 22. Bxe5 Rd5 23. Rb1 Qg4 24. Bf4 Rfd8 25. Bh7+ Kh8 26. Be4 Rd1+ 27. Kg2 Rxb1 28. Qxb1 Qe2 29. Bxc6 Rd1= 30. Qb5 Qxa2
31. Bf3 Rd8 32. Qb7 f6 33. Qf7 Qa1 34. Bc7 Rg8 35. Qxe6
1-0

[Event "French tournament for achieving Senior Title norm"]
[Site "SchemingMind.com"]
[Date "2006.07.05"]
[Round "-"]
[White "griffimv"]
[Black "bernadjm"]
[Result "1-0"]
[WhiteCountry "INT"]
[BlackCountry "ESP"]
[WhiteElo "2225"]
[WhiteRD "78"]
[BlackElo "1994"]
[BlackRD "74"]
[GameID "58238"]

1. e4 e6 2. d4 d5 3. Nd2 dxe4 4. Nxe4 Nd7 5. Nf3 Ngf6 6. Nxf6+ Nxf6 7. Bd3 a6 8. O-O b6 9. c3 Bb7 10. Ne5 c5
11. Re1
1-0

[Event "French tournament for achieving Senior Title norm"]
[Site "SchemingMind.com"]
[Date "2006.07.05"]
[Round "-"]
[White "griffimv"]
[Black "Aumonde"]
[Result "1-0"]
[WhiteCountry "INT"]
[BlackCountry "USA"]
[WhiteElo "2265"]
[WhiteRD "73"]
[BlackElo "2244"]
[BlackRD "56"]
[GameID "58239"]

1. e4 e6 2. d4 d5 3. Nd2 c5 4. Ngf3 Nf6 5. e5 Nfd7 6. c3 Be7 7. Bd3 Nc6 8. O-O a5 9. Re1 cxd4 10. cxd4 g5
11. h3 h5 12. g4 hxg4 13. hxg4 Qb6 14. Qa4 Nf8 15. a3 Ng6 16. b4 Nf4 17. Bf1 f5 18. gxf5 exf5 19. Nb3 Bd7 20. e6 Nxe6
21. Nc5 Rh6 22. Bb5 Ra7 23. Bxc6 bxc6 24. Qc2 Qd8 25. Nxd7 Qxd7 26. Ne5 Qd6 27. Qxf5 axb4 28. Rb1 Rf6 29. Qh7 bxa3 30. Rb8+ Qxb8
31. Qh5+ Kd8 32. Nxc6+ Kc8 33. Rxe6 Rxe6 34. Qe8+ Kb7 35. Qxb8+ Kxc6 36. Qc8+ Kb5 37. Qxe6 a2 38. Qxd5+ Kb6 39. Qb3+ Kc7 40. Qc3+
1-0

[Event "French tournament for achieving Senior Title norm"]
[Site "SchemingMind.com"]
[Date "2006.07.05"]
[Round "-"]
[White "griffimv"]
[Black "pietronagual"]
[Result "1-0"]
[WhiteCountry "INT"]
[BlackCountry "ESP"]
[WhiteElo "2265"]
[WhiteRD "73"]
[BlackElo "2171"]
[BlackRD "87"]
[GameID "58240"]

1. e4 e6 2. d4 d5 3. Nd2 c5 4. Ngf3 cxd4 5. exd5 Qxd5 6. Bc4 Qd6 7. O-O Nf6 8. Nb3 Nc6 9. Nbxd4 Nxd4 10. Qxd4 Qxd4
11. Nxd4 Bd7 12. Bf4 Rc8 13. Bb3 Bc5 14. Rad1 O-O 15. Rfe1 Rfd8 16. c3 b5 17. a3 a5 18. h3 b4 19. axb4 axb4 20. c4 Be8
21. Nf3 Rxd1 22. Bxd1 Bc6 23. Ne5 Bb7 24. Nd3 Bd4 25. Be5 Bxe5 26. Nxe5 Ne4 27. Bh5
1-0

[Event "French tournament for achieving Senior Title norm"]
[Site "SchemingMind.com"]
[Date "2006.07.05"]
[Round "-"]
[White "griffimv"]
[Black "Edward Kotlyanskiy"]
[Result "0-1"]
[WhiteCountry "INT"]
[BlackCountry "USA"]
[WhiteElo "2265"]
[WhiteRD "73"]
[BlackElo "2403"]
[BlackRD "75"]
[GameID "58241"]

1. e4 e6 2. d4 d5 3. Nd2 Be7 4. e5 Nh6 5. Ndf3 c5 6. c3 Nc6 7. Bd3 cxd4 8. cxd4 Qa5+ 9. Bd2 Nb4 10. Bb1 Bd7
11. Ne2 Qa6 12. O-O Ba4 13. b3 Bb5 14. Re1 Nd3 15. Bxd3 Bxd3 16. Bxh6 gxh6 17. Nf4 Bf5 18. Qc1 Rg8 19. Qc7 Qb6 20. Rac1 Bg4
21. Kh1 Bxf3 22. gxf3 Qxd4 23. Qxb7 Rd8 24. Qb5+ Kf8 25. Nd3 Kg7 26. Rg1+ Kh8 27. Rg3 Rdf8 28. Qa6 h5 29. Rd1 Rxg3 30. hxg3 h4
31. g4 Bg5 32. Qc6 Kg7 33. Qc2 Rh8 34. Kh2 Bf4+ 35. Kh3 Bxe5 36. Qc1 h6 37. Kxh4 Bd6 38. Qa1 Qxa1 39. Rxa1 Rc8 40. Rc1 Rxc1
41. Nxc1 Kg6 42. Nd3 e5 43. b4 f5 44. b5 e4 45. Nb2 Be5 46. Nd1 f4 47. Kh3 exf3 48. Kh4 Bf6+ 49. g5 hxg5+ 50. Kg4 Bd4
51. a4 Bb6 52. Kxf3 Kf5 53. Ke2 g4 54. Kf1 Ke5 55. Nc3 d4 56. Nd1 d3
0-1

[Event "French tournament for achieving Senior Title norm"]
[Site "SchemingMind.com"]
[Date "2006.07.05"]
[Round "-"]
[White "griffimv"]
[Black "grobler"]
[Result "1-0"]
[WhiteCountry "INT"]
[BlackCountry "GBR"]
[WhiteElo "2246"]
[WhiteRD "81"]
[BlackElo "1954"]
[BlackRD "77"]
[GameID "58242"]

1. e4 e6 2. d4 d5 3. Nd2 c5 4. Ngf3 Nc6 5. exd5 exd5 6. Bb5 Bd6 7. dxc5 Bxc5 8. O-O Ne7 9. Nb3 Bd6 10. Re1 O-O
11. Bg5 f6 12. Bh4 Qb6 13. a4 Bg4 14. Be2 Rae8 15. Bg3
1-0

[Event "French tournament for achieving Senior Title norm"]
[Site "SchemingMind.com"]
[Date "2006.07.05"]
[Round "-"]
[White "griffimv"]
[Black "PackoJones1000"]
[Result "0-1"]
[WhiteCountry "INT"]
[BlackCountry "ESP"]
[WhiteElo "2232"]
[WhiteRD "78"]
[BlackElo "2263"]
[BlackRD "72"]
[GameID "58243"]

1. e4 e6 2. d4 d5 3. Nd2 Nf6 4. e5 Nfd7 5. c3 c5 6. f4 Nc6 7. Ndf3 Qb6 8. g3 cxd4 9. cxd4 Bb4+ 10. Kf2 f6
11. Kg2 g5 12. fxg5 fxe5 13. dxe5 Ndxe5 14. Nxe5 Nxe5 15. Be2 O-O 16. Nf3 Bd6 17. Qb3 Qxb3 18. axb3 Nc6 19. Rd1 Bd7 20. Be3 a5
21. Nd2 Be7 22. Nc4 Be8 23. Nb6 Rd8 24. Bg4 Bf7 25. h4 d4 26. Bd2 Bc5 27. Nc4 e5 28. Bf3 a4 29. Rxa4 Bd5 30. Bxd5+ Rxd5
31. Na5 b5 32. Nxc6 bxa4 33. Ne7+ Bxe7 34. bxa4 e4 35. Bf4 Bd6 36. Rc1 Bxf4 37. gxf4 Rxf4
0-1

[Event "French tournament for achieving Senior Title norm"]
[Site "SchemingMind.com"]
[Date "2006.07.05"]
[Round "-"]
[White "inexorable"]
[Black "griffimv"]
[Result "1-0"]
[WhiteCountry "USA"]
[BlackCountry "INT"]
[WhiteElo "2249"]
[WhiteRD "101"]
[BlackElo "2317"]
[BlackRD "79"]
[GameID "58244"]

1. e4 e6 2. d4 c5 3. d5 exd5 4. exd5 d6 5. c4 Ne7 6. Nc3 Ng6 7. Nf3 Be7 8. Bd3 O-O 9. O-O Nd7 10. Qc2 Nf6
11. h3 Bd7 12. Bd2 Re8 13. Rae1 a6 14. a4 Nh5 15. Re4 Rb8 16. Rfe1 Qc7 17. g4 Nf6 18. R4e2 Bf8 19. Bg5 Rxe2 20. Rxe2 Qd8
21. Re1 Be7 22. Qe2 Nxd5 23. Bxg6 Bxg5 24. Bxf7+ Kxf7 25. Nxd5 Kg8 26. a5 Kh8 27. Nxg5 Qxg5 28. Qe7 Qxe7 29. Rxe7 Rd8 30. f4 Kg8
31. Kf2 Bc6 32. Kg3 Kf8 33. Re6 Be8 34. Re7 Bc6 35. Re6 Be8 36. Re3 Bf7 37. Nb6 Be8= 38. f5 h6 39. h4 Bc6 40. g5 Re8
41. Rxe8+ Kxe8 42. Kf4 Kf8 43. gxh6 gxh6 44. Nc8 d5 45. cxd5 Bxd5 46. Ke5 Bf3 47. Ke6 h5 48. Nd6 Bg2 49. f6 Bh3+ 50. Ke5 Bg2
51. Kf5 Bf3 52. Kg6 Kg8 53. Ne8 Kf8 54. Ng7 Be4+ 55. Kxh5 Kf7 56. Kg5 Bh7 57. h5
1-0

[Event "French tournament for achieving Senior Title norm"]
[Site "SchemingMind.com"]
[Date "2006.07.05"]
[Round "-"]
[White "Erhaem"]
[Black "griffimv"]
[Result "0-1"]
[WhiteCountry "NED"]
[BlackCountry "INT"]
[WhiteElo "2087"]
[WhiteRD "65"]
[BlackElo "2232"]
[BlackRD "78"]
[GameID "58245"]

1. e4 e6 2. d4 c5 3. Nf3 cxd4 4. Nxd4 a6 5. Bd3 Bc5 6. Nb3 Ba7 7. O-O Ne7 8. Qe2 Nbc6 9. Be3 d6 10. Nc3 O-O
11. Rad1 b5 12. Bg5 Ne5 13. a3 Bb6 14. Qd2 h6 15. Be3 Rb8 16. Bxb6 Qxb6 17. Ne2 Bd7 18. Qf4 a5 19. Qg3 b4 20. axb4 Qxb4
21. Rb1 Nxd3 22. Qxd3 Bb5 23. Qe3 Rfc8 24. Rfc1 Bc4 25. Nf4 Bxb3 26. cxb3 Rxc1+ 27. Rxc1 Qxb3 28. Nd3 Rc8 29. Rxc8+ Nxc8 30. h4 Nb6
31. Qd4 Nc4 32. Kh2 a4 33. f3 Qc2 34. Ne1 Qe2 35. Qc3 Ne3 36. h5= Qf2
0-1

[Event "French tournament for achieving Senior Title norm"]
[Site "SchemingMind.com"]
[Date "2006.07.05"]
[Round "-"]
[White "Nenad"]
[Black "griffimv"]
[Result "1/2-1/2"]
[WhiteCountry "SLO"]
[BlackCountry "INT"]
[WhiteElo "2263"]
[WhiteRD "70"]
[BlackElo "2299"]
[BlackRD "74"]
[GameID "58246"]

1. e4 e6 2. d4 c5 3. Nf3 cxd4 4. Nxd4 a6 5. Bd3 Bc5 6. Nb3 Ba7 7. O-O Ne7 8. Qe2 Nbc6 9. Be3 d6 10. Nc3 O-O
11. f4 b5 12. Bxa7 Rxa7 13. Qe3 Qc7 14. Bxb5 axb5 15. Nxb5 Qb8 16. Nxa7 Nxa7 17. a4 f5 18. Nd4 Nac6 19. Nxc6 Nxc6 20. exf5 Rxf5
21. b3 Bd7 22. Kh1 Qb4 23. Rad1 d5 24. Qd2=
1/2-1/2

[Event "French tournament for achieving Senior Title norm"]
[Site "SchemingMind.com"]
[Date "2006.07.05"]
[Round "-"]
[White "Aumonde"]
[Black "griffimv"]
[Result "0-1"]
[WhiteCountry "USA"]
[BlackCountry "INT"]
[WhiteElo "2254"]
[WhiteRD "57"]
[BlackElo "2299"]
[BlackRD "74"]
[GameID "58248"]

1. e4 e6 2. d4 c5 3. Nf3 cxd4 4. Nxd4 a6 5. Nc3 Qc7 6. Be2 Nc6 7. O-O Nf6 8. Be3 Be7 9. f4 d6 10. Qe1 O-O
11. Qg3 Nxd4 12. Bxd4 b5 13. Bd3 Bb7 14. Rae1 Rfd8 15. Kh1 g6 16. Qf2 Ng4 17. Qf3 Bf6 18. Ne2 Bxd4 19. Nxd4 h5 20. h3 Nf6
21. f5 exf5 22. Nxf5 Rd7 23. Nd4 Nh7 24. c3 Qc5 25. h4 Qe5 26. Qf2 Kg7 27. Nf3 Qf4 28. Kg1 Re8 29. a4 bxa4 30. Bc2 Rc7
31. g3 Qg4 32. Nd2 a3 33. bxa3 f6 34. Re3 Qe6 35. Bb3 Qc8 36. Ba4 Re5 37. c4 Qd8 38. Bc2 Nf8 39. Rd1 Qe7 40. Nf3 Rec5
41. Bb3 Nd7 42. Qd2 R7c6 43. Rd3 Ne5 44. Nxe5 Qxe5 45. Kh2 Rb6 46. Rxd6= Rxd6 47. Qxd6 Qxd6 48. Rxd6 Bxe4 49. Rxa6 Rf5 50. Re6 Rf2+
51. Kg1 Rg2+ 52. Kf1 Rxg3 53. Rxe4 Rxb3 54. a4 Rb4 55. a5 Kf7 56. Re1 Rxc4 57. Ra1 Rxh4 58. Kf2 Rc4 59. a6 Rc8 60. Ke3 Ra8
61. Kd4 h4 62. a7 h3 63. Kc5 g5
0-1

[Event "French tournament for achieving Senior Title norm"]
[Site "SchemingMind.com"]
[Date "2006.07.06"]
[Round "-"]
[White "pietronagual"]
[Black "griffimv"]
[Result "0-1"]
[WhiteCountry "ESP"]
[BlackCountry "INT"]
[WhiteElo "2171"]
[WhiteRD "87"]
[BlackElo "2265"]
[BlackRD "73"]
[GameID "58249"]

1. e4 e6 2. d4 c5 3. d5 exd5 4. exd5 d6 5. Nf3 Nf6 6. Nc3 Be7 7. Bd3 O-O 8. O-O Na6 9. Re1 Nb4 10. Bc4 Bf5
11. Re2 Nd7 12. a3 Na6 13. Bxa6 bxa6 14. Bf4 Rb8 15. Rb1 Re8 16. Qd2 h6 17. h3 Nf6 18. b3 Qd7 19. Rbe1 Bf8
0-1

[Event "French tournament for achieving Senior Title norm"]
[Site "SchemingMind.com"]
[Date "2006.07.05"]
[Round "-"]
[White "Edward Kotlyanskiy"]
[Black "griffimv"]
[Result "1-0"]
[WhiteCountry "USA"]
[BlackCountry "INT"]
[WhiteElo "2403"]
[WhiteRD "75"]
[BlackElo "2265"]
[BlackRD "73"]
[GameID "58250"]

1. e4 e6 2. d4 c5 3. Nf3 cxd4 4. Nxd4 a6 5. Nc3 Nc6 6. Be2 Qc7 7. Be3 Nf6 8. O-O Be7 9. f4 d6 10. Qe1 O-O
11. Kh1 Nxd4 12. Bxd4 b5 13. Qg3 Bb7 14. a3 Bc6 15. Rae1 Qb7 16. Bd3 b4 17. axb4 Qxb4 18. Ne2 Qb7 19. e5 Nh5 20. Qh3 g6
21. Ng3 dxe5 22. Bxe5 Nxg3+ 23. hxg3 Rad8 24. g4 Bb4 25. g5 Bxe1 26. Rxe1 Rxd3 27. cxd3 Rc8 28. Re3 Kf8 29. Bf6 Ke8 30. Qxh7 Bxg2+
31. Kg1 Bd5 32. Qg8+ Kd7 33. Qxf7+ Kc6 34. Qxb7+ Kxb7 35. Rh3 Kb6 36. Rh7 Rg8 37. Kf2 Kb5 38. Bc3 Rf8 39. Rg7 Rxf4+ 40. Ke2 Bf3+
41. Ke3 Rf5 42. Rxg6 Bd5 43. Bf6 e5 44. Bd8 a5 45. Rb6+ Kc5 46. Ra6 Rf3+ 47. Ke2 Rxd3 48. Rxa5+ Kc4 49. Ra4+ Kb5 50. Kxd3 Kxa4
51. Bf6 Bf7 52. Bxe5 Kb5 53. Ke4 Kc6 54. Kf5 Bb3 55. Kf6 Kd7 56. g6
1-0

[Event "French tournament for achieving Senior Title norm"]
[Site "SchemingMind.com"]
[Date "2006.07.05"]
[Round "-"]
[White "grobler"]
[Black "griffimv"]
[Result "0-1"]
[WhiteCountry "GBR"]
[BlackCountry "INT"]
[WhiteElo "1954"]
[WhiteRD "77"]
[BlackElo "2246"]
[BlackRD "81"]
[GameID "58251"]

1. e4 e6 2. d4 c5 3. Nf3 cxd4 4. Nxd4 a6 5. Nc3 Qc7 6. Bd3 Nc6 7. Nxc6 bxc6 8. O-O Nf6 9. Re1 Bd6 10. Kh1 O-O
11. Bg5 Be5 12. Bxf6 Bxf6 13. e5 Be7
0-1

[Event "French tournament for achieving Senior Title norm"]
[Site "SchemingMind.com"]
[Date "2006.07.05"]
[Round "-"]
[White "PackoJones1000"]
[Black "griffimv"]
[Result "1-0"]
[WhiteCountry "ESP"]
[BlackCountry "INT"]
[WhiteElo "2230"]
[WhiteRD "72"]
[BlackElo "2228"]
[BlackRD "83"]
[GameID "58252"]

1. e4 e6 2. d4 c5 3. Nf3 cxd4 4. Nxd4 a6 5. Bd3 Bc5 6. Nb3 Ba7 7. Nc3 Nc6 8. Qe2 d6 9. Be3 Nge7 10. O-O O-O
11. Rad1 b5 12. Bxa7 Rxa7 13. f4 Qb6+ 14. Kh1 Rd8 15. Qh5 b4 16. Ne2 a5 17. Nd2 Ba6 18. Bxa6 Qxa6 19. f5 exf5 20. exf5 g6
21. fxg6 hxg6 22. Qf3 Nf5 23. Ng3 Nxg3+ 24. Qxg3 Re7 25. Qf3 d5 26. Qf6 Qc8 27. Nf3 Qe6 28. Qg5 d4 29. Rde1 Qd6 30. Qh6 Rdd7
31. Ng5 f5 32. g4 d3 33. cxd3 Qd5+ 34. Ne4 Rg7 35. gxf5 gxf5 36. Re3 Rde7 37. Qf4
1-0